[Event "Olympiad-44"]
[Site "Chennai"]
[Date "2022.08.08"]
[Round "10.4"]
[White "Madol, Garang Panthoum"]
[Black "Camacho Campusano, David Daniel"]
[Result "0-1"]
[WhiteElo "1985"]
[BlackElo "2221"]
[PlyCount "74"]
[EventDate "2022.07.29"]
[EventType "team-swiss"]
[EventRounds "11"]
[EventCountry "IND"]
[SourceTitle "CBM 210"]
[Source "ChessBase"]
[SourceDate "2022.10.31"]
[SourceVersion "1"]
[SourceVersionDate "2022.10.31"]
[SourceQuality "1"]
[WhiteTeam "South Sudan"]
[BlackTeam "Dominican Republic"]
[WhiteTeamCountry "SUD"]
[BlackTeamCountry "DOM"]

1. Nc3 e5 2. e4 Nf6 3. Nf3 Nc6 4. Bb5 Bc5 5. 0-0 d6 6. d4 exd4 7. Nxd4 Bd7 8. Nb3 Bb6 9. Bg5 h6 10. Bh4 g5 11. Bg3 h5 12. e5 h4 13. exf6 hxg3 14. Ne4 gxf2+ 15. Kh1 Ne5 16. Qe2 a6 17. Bxd7+ Qxd7 18. c4 Qf5 19. Nxf2 0-0-0 20. c5 dxc5 21. Nh3 Qe6 22. Rae1 Rde8 23. Nd2 g4 24. Ng5 Qd6 25. g3 c4 26. Qg2 Qd4 27. Re4 Qxb2 28. Rfe1 Rd8 29. Rxe5 Qxd2 30. Qxd2 Rxd2 31. Re8+ Rxe8 32. Rxe8+ Kd7 33. Re7+ Kc6 34. Re1 c3 35. Ne4 Rd3 36. Rc1 Bd4 37. h4 Kd5 0-1